اسلوبیاتی مطالعے : (Record no. 108369)

MARC details
000 -LEADER
fixed length control field 00898nam a22002537a 4500
005 - DATE AND TIME OF LATEST TRANSACTION
control field 20170123162339.0
010 ## - LIBRARY OF CONGRESS CONTROL NUMBER
LC control number A-392486
020 ## - INTERNATIONAL STANDARD BOOK NUMBER
Terms of availability 50.00
035 ## - SYSTEM CONTROL NUMBER
System control number A-392486
037 ## - SOURCE OF ACQUISITION
Source of stock number/acquisition Cen Lib/Ret
040 ## - CATALOGING SOURCE
Original cataloging agency DPL
Language of cataloging UR
082 ## - DEWEY DECIMAL CLASSIFICATION NUMBER
Classification number 840.08
Item number ن ق و
100 ## - MAIN ENTRY--PERSONAL NAME
Personal name نقوی، منظر عبّاس
9 (RLIN) 108471
245 ## - TITLE STATEMENT
Title اسلوبیاتی مطالعے :
Statement of responsibility, etc منظر عبّاس نقوی
Remainder of title تنقیدی مضامین کا مجمع /
246 ## - VARYING FORM OF TITLE
Title proper/short title Usloobiati mutalae : tanqeedi majameen ka majmua /
Remainder of title by Manzar Abbas Naqvi
260 ## - PUBLICATION, DISTRIBUTION, ETC. (IMPRINT)
Place of publication, distribution, etc علیگڑھ
Name of publisher, distributor, etc ایجوکیشنل بک ہاؤس
Date of publication, distribution, etc 1989
270 ## - ADDRESS
City علیگڑھ
300 ## - PHYSICAL DESCRIPTION
Extent 208p.
Dimensions 21cm(Hb)
650 ## - SUBJECT ADDED ENTRY--TOPICAL TERM
Topical term or geographic name as entry element ادب - اردو
9 (RLIN) 126201
650 ## - SUBJECT ADDED ENTRY--TOPICAL TERM
Topical term or geographic name as entry element اردو مضمون تنقید
9 (RLIN) 107857
650 ## - SUBJECT ADDED ENTRY--TOPICAL TERM
Topical term or geographic name as entry element Literature -- Urdu
9 (RLIN) 126202
650 ## - SUBJECT ADDED ENTRY--TOPICAL TERM
Topical term or geographic name as entry element Urdu essay criticism
9 (RLIN) 126203
942 ## - ADDED ENTRY ELEMENTS (KOHA)
Source of classification or shelving scheme Dewey Decimal Classification
Koha item type Urdu Bks
Classification part 840.8
Call number suffix ن ق و
Holdings
Withdrawn status Lost status Damaged status Not for loan Home library Current library Date acquired Source of acquisition Cost, normal purchase price Total Checkouts Full call number Barcode Date last seen Copy number Cost, replacement price Price effective from Koha item type
        Central Library Central Library 20/01/2016 Cen Lib/Ret 50.00   840.08 ن ق و A-392486 20/01/2016 1 50.00 20/01/2016 Urdu Bks

© Delhi Public Library
Hit Counter
free hit counter